|
|
|
|
| LEADER |
00000naa2a2200000 4500 |
| 001 |
383188 |
| 005 |
20231101063103.0 |
| 035 |
|
|
|a (RuTPU)RU\TPU\prd\8557
|
| 090 |
|
|
|a 383188
|
| 100 |
|
|
|a 20021120a2002 m y0rusy50 ca
|
| 101 |
0 |
|
|a rus
|
| 102 |
|
|
|a RU
|
| 200 |
1 |
|
|a Становление рынка образовательных продуктов и услуг в сети Интернет
|f В. П. Тихомиров, Л. Г. Титарев, Ж. Н. Зайцева
|
| 225 |
1 |
|
|a Новые информационные технологии в высшей школе
|
| 300 |
|
|
|a Высшее образование в документах: Журнал в журнале
|
| 320 |
|
|
|a Библиогр.: 4 назв.
|
| 461 |
|
0 |
|0 (RuTPU)RU\TPU\prd\1307
|x 1726-667X
|t Высшее образование сегодня
|o научно-практический журнал
|d 2001-
|
| 463 |
|
0 |
|0 (RuTPU)RU\TPU\prd\3485
|t № 2
|v С. 9-14
|d 2002
|
| 610 |
1 |
|
|a образовательные услуги
|
| 610 |
1 |
|
|a рынок
|
| 610 |
1 |
|
|a электронное образование
|
| 610 |
1 |
|
|a образование
|
| 610 |
1 |
|
|a бразовательные продукты
|
| 610 |
1 |
|
|a Интернет
|
| 700 |
|
1 |
|a Тихомиров
|b В. П.
|
| 701 |
|
1 |
|a Титарев
|b Л. Г.
|
| 701 |
|
1 |
|a Зайцева
|b Ж. Н.
|
| 801 |
|
1 |
|a RU
|b 63413507
|c 20021120
|g PSBO
|
| 801 |
|
2 |
|a RU
|b 63413507
|c 20140721
|g PSBO
|
| 942 |
|
|
|c BK
|